Emmy Winning Drama/Comedy Series (A-Z) Quiz Stats

Quiz Updated Sep 17, 2017

Challenge
Share
Tweet
Embed
Score 0/22 Timer 07:00
0 Plays Today
Letter Sample Series % Correct
FFrasier
81%
MMad Men
80.5%
SSeinfeld
75.1%
CCheers
72.4%
AAll in the Family
69.7%
EER
68%
#30 Rock
66.9%
LLost
64.9%
WThe West Wing
60.4%
VVeep
43.8%
GGet Smart
37.7%
Letter Sample Series % Correct
OThe Office
36%
HHill Street Blues
33.3%
II Love Lucy
32.4%
NNorthern Exposure
29.1%
BBreaking Bad
28%
TTaxi
25.2%
DThe Dick Van Dyke Show
20.2%
PPicket Fences
18%
RThe Rockford Files
6.6%
UUpstairs, Downstairs
4.7%
JThe Jack Benny Show
3.6%

You're not logged in!

Compare scores with friends on all Sporcle quizzes.
Sign Up with Email
OR
Log In

You Might Also Like...

Show Comments

Extras

Top Quizzes Today


Score Distribution

Your Account Isn't Verified!

In order to create a playlist on Sporcle, you need to verify the email address you used during registration. Go to your Sporcle Settings to finish the process.

Report this User

Report this user for behavior that violates our Community Guidelines.

Details: